|
|
|
|
| LEADER |
00000cam a2200000 7i4500 |
| 001 |
0000019002 |
| 005 |
20090518.0 |
| 008 |
090514s my a may |
| 020 |
|
|
|a 9679364860 ,
|c RM50.00
|
| 040 |
|
|
|a INS
|
| 090 |
0 |
0 |
|a QK99.A1
|b P46 2005
|
| 245 |
0 |
0 |
|a Penanaman tumbuhan ubatan & beraroma
|c penyunting Musa Yaacob, Muhamad Ghawas Maarof, Mansor Puteh
|
| 260 |
|
|
|b Institut Penyelidikan kemajuan Pertanian Malaysia (MARDI) ,
|c 2005
|
| 300 |
|
|
|a xii, 149ms. :
|b il.wrn ;
|c 25cm.
|
| 650 |
|
0 |
|a herbals
|v Handbooks, manuals, etc
|
| 650 |
|
0 |
|a Herbs
|v Handbooks, manuals, etc
|
| 650 |
|
0 |
|a Medical plants
|v Handbooks, manuals, etc
|
| 700 |
0 |
|
|a Mansor Puteh
|
| 700 |
0 |
|
|a Muhamad Ghawas Maarof
|
| 700 |
0 |
|
|a Musa Yaacob
|
| 999 |
|
|
|a 0000020913
|b BOOK
|c Open Shelf
|e Default branch
|